The star rover
Uloženo v:
| Hlavní autor: | |
|---|---|
| Médium: | Kniha |
| Jazyk: | angličtina |
| Vydáno: |
Nueva York
The Macmillan Co.
1915
|
| Vydání: | 1a. ed |
| Témata: | |
| Tagy: |
Přidat tag
Žádné tagy, Buďte první, kdo vytvoří štítek k tomuto záznamu!
|
MARC
| LEADER | 00000nam a2200000 a 4500 | ||
|---|---|---|---|
| 001 | UCJ3408 | ||
| 003 | CL-VaPUC | ||
| 008 | 070124e19150000US |||||||||||||||||eng|d | ||
| 082 | 0 | 4 | |a 813 |b LON |2 21 |
| 100 | |a London, Jack |e autor |9 342822 | ||
| 245 | 1 | 4 | |a The star rover |
| 250 | |a 1a. ed | ||
| 300 | |a 329 p | ||
| 942 | |c BK | ||
| 945 | |d 20070124 00:00:00 |a rinostro | ||
| 260 | |a Nueva York |b The Macmillan Co. |c 1915 | ||
| 500 | |a Ver nota biográfica en el registro n§ 412 | ||
| 650 | 7 | |a NOVELA ESTADOUNIDENSE |2 CL-VaPUC |9 266286 | |
| 583 | |a last modification |c 20070124 00:00:00 |k Rodrigo Vera | ||
| 999 | |c 319530 |d 319528 | ||
| 952 | |0 0 |1 0 |4 0 |6 813_000000000000000_LON_1915 |7 0 |8 X |9 397870 |a FDOBUD |b FDOBUD |d 2019-11-22 |i 1003267 |o 813 LON 1915 |p 1003267 |r 2019-11-22 |w 2019-11-22 |y BK_X |k BUD | ||